000
00292nam a22001217a 4500
041
_a
ENG
100
_a
Marimuthu.T.
245
_a
Post Graduate Theses Abstracts Vol 1
260
_a
Coimbatore
_b
School Of Post Graduate Studies
_c
2001
300
_a
518
650
_a
GAE
856
_u
GAE ( 37 )
999
_c
2474
_d
2474